Podpora nezávislému zahraničnopolitickému mysleniu

Bibliographic Details
Main Author: Weiss, Peter, 1952- (Author)
Format: Article
Language:Slovak
Subjects:

MARC

LEADER 00000nab a2200000ua 4500
001 vtls010753531
003 SK-MaSNL
005 20260426093536.0
008 250718s2004 xo |||||||||||||||||slo|
035 |a (urnnbn)urn:nbn:sk:snk:ar-a04gd3 
035 |a (uuid)be4af0df-a1f1-4803-8aa5-a06803bc8c42 
035 |a urn:nbn:sk:snk-ab4rq1 
040 |a SNKBUCL  |b slo  |c SNKBUCL  |e AACR2 
041 0 |a slo 
044 |a xo  |c SK 
100 1 |a Weiss, Peter,  |d 1952-  |4 aut  |9 103279 
245 1 0 |a Podpora nezávislému zahraničnopolitickému mysleniu  |c Peter Weiss 
650 0 7 |a zahraničná politika  |2 SNKPH  |9 971 
650 0 7 |a medzinárodné vzťahy  |2 SNKPH  |9 3690 
651 7 |a Slovensko  |2 SNKPH  |9 14231 
773 0 |t Listy SFPA : spravodaj Slovenskej spoločnosti pre zahraničnú politiku  |g Roč. 8, č. 1-2 (2004), s. 7 
850 |a Slovenská národná knižnica 
852 |a Slovenská národná knižnica 
954 |a odborná, vedecká literatúra pôvodná (slovenská)  |2 lita 
958 |a article3 
958 |a OND 
958 |a EUIPO 
999 |c 3108113  |d 3110043